Statistics for Capitals of 1st-level subdivisions in Spain from east to west

Click here to take the quiz!

General Stats

  • This quiz has been taken 7 times
  • The average score is 16 of 18

Answer Stats

Longitude (DD)Answer% Correct
22.18Barcelona
100%
17-15.44Las Palmas de Gran Canaria
100%
5-1.13Murcia
100%
12.65Palma
100%
3-0.38Valencia
100%
4-0.88Zaragoza
100%
7-2.45Logroño
83%
9-3.71Madrid
83%
15-6.34Mérida
83%
13-5.84Oviedo
83%
6-1.64Pamplona
83%
18-16.25Santa Cruz de Tenerife
83%
10-3.81Santander
83%
14-6.00Sevilla
83%
11-4.02Toledo
83%
8-2.67Vitoria-Gasteiz
83%
16-8.55Santiago de Compostela
67%
12-4.73Valladolid
67%

Score Distribution

Percentile by Number Answered

Percent of People with Each Score

Your Score History

You have not taken this quiz